Appalachia : (Record no. 4449)

MARC details
000 -LEADER
fixed length control field 01138pam a2200325 a 4500
001 - CONTROL NUMBER
control field 4449
003 - CONTROL NUMBER IDENTIFIER
control field FISKH
005 - DATE AND TIME OF LATEST TRANSACTION
control field 20240910103648.0
008 - FIXED-LENGTH DATA ELEMENTS--GENERAL INFORMATION
fixed length control field 900416s1991 caua j 000 0 eng
010 ## - LIBRARY OF CONGRESS CONTROL NUMBER
LC control number 90036798
020 ## - INTERNATIONAL STANDARD BOOK NUMBER
International Standard Book Number 0152016058 :
020 ## - INTERNATIONAL STANDARD BOOK NUMBER
International Standard Book Number 9780152018931
040 ## - CATALOGING SOURCE
Original cataloging agency DLC
Transcribing agency DLC
Modifying agency DLC
Language of cataloging eng
042 ## - AUTHENTICATION CODE
Authentication code lcac
050 ## - LIBRARY OF CONGRESS CALL NUMBER
Classification number F217.A65
082 ## - DEWEY DECIMAL CLASSIFICATION NUMBER
Classification number 974.009734
100 1# - MAIN ENTRY--PERSONAL NAME
Personal name Rylant, Cynthia.
245 10 - TITLE STATEMENT
Title Appalachia :
Remainder of title the voices of sleeping birds /
Statement of responsibility, etc. by Cynthia Rylant ; illustrated by Barry Moser.
250 ## - EDITION STATEMENT
Edition statement First Voyager Books edition 1998
260 ## - PUBLICATION, DISTRIBUTION, ETC.
Place of publication, distribution, etc. New York :
Name of publisher, distributor, etc. Veryager Books,
Date of publication, distribution, etc. 1991
300 ## - PHYSICAL DESCRIPTION
Extent 23 pages :
Other physical details color illustrations ;
Dimensions 28 cm
520 ## - SUMMARY, ETC.
Summary, etc. Text and illustrations explore the countryside and people of Appalachia.
651 #0 - SUBJECT ADDED ENTRY--GEOGRAPHIC NAME
Geographic name Appalachian Region, Southern
General subdivision Description and travel
-- Juvenile literature.
651 #0 - SUBJECT ADDED ENTRY--GEOGRAPHIC NAME
Geographic name Appalachian Region, Southern
General subdivision Social life and customs
-- Juvenile literature.
651 #1 - SUBJECT ADDED ENTRY--GEOGRAPHIC NAME
Geographic name Appalachian Region, Southern.
700 1# - ADDED ENTRY--PERSONAL NAME
Personal name Moser, Barry,
Relator term illustrator
906 ## - LOCAL DATA ELEMENT F, LDF (RLIN)
a 7
b cbc
c orignew
d 1
e ocip
f 19
g y-gencatlg
942 ## - ADDED ENTRY ELEMENTS (KOHA)
Source of classification or shelving scheme Dewey Decimal Classification
Koha item type Books
Suppress in OPAC No
Holdings
Withdrawn status Lost status Source of classification or shelving scheme Damaged status Not for loan Collection Home library Current library Shelving location Date acquired Total Checkouts Full call number Barcode Date last seen Price effective from Koha item type
    Dewey Decimal Classification     Fiction Footprints International School Library Network Toul Kork Campus Footprints International School Library Network Toul Kork Campus A TK Campus, 4th Floor, Room B401, Fiction Bookcases (1-6) 09/10/2024   RYL 974.009734 F217.A65 FISTK01470 09/10/2024 09/10/2024 Books